| 000 | 00440nam a22001337a 4500 | ||
|---|---|---|---|
| 008 | 230628b |||||||| |||| 00| 0 eng d | ||
| 020 | _a0840741219 | ||
| 040 |
_aNational Science Library _cNational Science Library |
||
| 080 |
_aR 030.8 _bM4 |
||
| 245 |
_aWebster's new reference library _c/ Thomas Nelson Publishers |
||
| 260 |
_aNew York: _bThomas Nelson Publishers, _c1984 |
||
| 650 | _aEncyclopaedias and dictionaries | ||
| 942 |
_2udc _cREF |
||
| 999 |
_c48219 _d48219 |
||